[Event "Marburg op-A"]
[Site "Marburg"]
[Date "2023.10.26"]
[Round "1"]
[White "Kersten, Uwe"]
[Black "Nagel, Matthias"]
[Result "1-0"]
[WhiteElo "2229"]
[BlackElo "1850"]
[PlyCount "63"]
[EventDate "2023.10.26"]
[EventType "swiss"]
[EventRounds "7"]
[EventCountry "GER"]
[SourceTitle "CB49_2023"]
[SourceDate "2023.12.06"]
[SourceVersion "1"]
[SourceVersionDate "2023.12.06"]
[SourceQuality "1"]

1. d4 d5 2. Nf3 Nf6 3. Bf4 e6 4. e3 Bd6 5. Ne5 0-0 6. Nd2 c5 7. c3 b6 8. h4 Qc7 9. Bd3 Nbd7 10. Ndf3 a5 11. Qe2 Ne4 12. Rd1 f5 13. Nxd7 Bxd7 14. Bxd6 Nxd6 15. Ne5 Be8 16. f4 c4 17. Bc2 b5 18. g4 Ra7 19. h5 b4 20. gxf5 Nxf5 21. Bxf5 exf5 22. Qg2 Qd6 23. Kf2 Rf6 24. Ra1 Rh6 25. Qf3 bxc3 26. bxc3 Rb7 27. Nxc4 Qc7 28. Ne5 Rb2+ 29. Kg3 Qxc3 30. Rac1 Qd2 31. Qxd5+ Kh8 32. Nf7+ 1-0

[Event "Rhein Main op-A 25th"]
[Site "Bad Homburg"]
[Date "2023.06.09"]
[Round "4"]
[White "Martin, Reiner"]
[Black "Nagel, Matthias"]
[Result "1/2-1/2"]
[WhiteElo "2002"]
[BlackElo "1773"]
[PlyCount "36"]
[EventDate "2023.06.07"]
[EventType "swiss"]
[EventRounds "7"]
[EventCountry "GER"]
[SourceTitle "CBM 215 Extra"]
[Source "ChessBase"]
[SourceDate "2023.09.30"]
[SourceVersion "1"]
[SourceVersionDate "2023.09.30"]
[SourceQuality "1"]

1. d4 d5 2. c4 c6 3. Nc3 Nf6 4. e3 g6 5. Nf3 Bg7 6. Be2 0-0 7. 0-0 b6 8. b3 Re8 9. Bb2 Bb7 10. Rc1 Nbd7 11. cxd5 Nxd5 12. Qc2 Rc8 13. Qb1 Nxc3 14. Bxc3 e6 15. Rfd1 Qe7 16. Qb2 h6 17. h3 Kh7 18. h4 Kg8 1/2-1/2